| 000 | 00340 a2200133 4500 | ||
|---|---|---|---|
| 003 | OSt | ||
| 005 | 20180116182723.0 | ||
| 008 | 160428b xxu||||| |||| 00| 0 eng d | ||
| 040 | _c0 | ||
| 100 | _aPran Nevile. | ||
| 245 | _aLahore :A Sentimental Journey. | ||
| 260 |
_aOxford University Press _c2007 |
||
| 942 |
_aNBS _cBK _k954.914320 NEV _2ddc |
||
| 999 |
_c344743 _d344743 |
||